<?xml version="1.0" encoding="UTF-8"?>
<record
    xmlns:xsi="http://www.w3.org/2001/XMLSchema-instance"
    xsi:schemaLocation="http://www.loc.gov/MARC21/slim http://www.loc.gov/standards/marcxml/schema/MARC21slim.xsd"
    xmlns="http://www.loc.gov/MARC21/slim">

  <leader>00811nam a22001695i 4500</leader>
  <controlfield tag="001">168084</controlfield>
  <controlfield tag="003">ES-MaACL</controlfield>
  <controlfield tag="005">20230906213658.0</controlfield>
  <controlfield tag="008">040727s1870    fr           |||| | fre d</controlfield>
  <datafield tag="040" ind1=" " ind2=" ">
    <subfield code="a">CAM </subfield>
    <subfield code="b">spa </subfield>
    <subfield code="c">CAM</subfield>
  </datafield>
  <datafield tag="100" ind1="1" ind2=" ">
    <subfield code="a">Yriarte, Charles (</subfield>
    <subfield code="d">1833-1898)</subfield>
    <subfield code="9">133995</subfield>
  </datafield>
  <datafield tag="245" ind1="1" ind2="4">
    <subfield code="a">Les portraits cosmopolites / </subfield>
    <subfield code="c">Le Marquis de Villemer (Charles Yriarte).</subfield>
  </datafield>
  <datafield tag="260" ind1=" " ind2=" ">
    <subfield code="a">Paris : </subfield>
    <subfield code="b">E. Lachaud, </subfield>
    <subfield code="c">1870 (</subfield>
    <subfield code="f">Imprimerie Paul Dupont, Maurice Loignon et C.)</subfield>
  </datafield>
  <datafield tag="300" ind1=" " ind2=" ">
    <subfield code="a">VII, 240 p. ; </subfield>
    <subfield code="c">19 cm.</subfield>
  </datafield>
  <datafield tag="505" ind1="8" ind2=" ">
    <subfield code="a">Contiene : Don Juan Prim, Th&#xE9;ophile Gautier, Garibaldi, Pie IX, Le P&#xE8;re Hyacinthe, Mar&#xE9;chal Narvaez, Dona d'Istria, Charles Beaudelaire, H&#xE9;ctor Berlioz, Mar&#xE9;chal O'Donnell</subfield>
  </datafield>
  <datafield tag="852" ind1=" " ind2=" ">
    <subfield code="a">ES-MaACL</subfield>
    <subfield code="j">D-920 </subfield>
    <subfield code="z">-- R&#xFA;st. </subfield>
    <subfield code="z">-- Legado de Modesto de la Fuente </subfield>
    <subfield code="z">-- A partir de la p. 219, propaganda editorial</subfield>
  </datafield>
  <datafield tag="999" ind1=" " ind2=" ">
    <subfield code="c">168084</subfield>
    <subfield code="d">168084</subfield>
  </datafield>
  <datafield tag="952" ind1=" " ind2=" ">
    <subfield code="0">0</subfield>
    <subfield code="1">0</subfield>
    <subfield code="4">0</subfield>
    <subfield code="7">0</subfield>
    <subfield code="8">LIBXIX</subfield>
    <subfield code="a">ATENEOM</subfield>
    <subfield code="b">ATENEOM</subfield>
    <subfield code="c">SVI</subfield>
    <subfield code="d">2008-01-17</subfield>
    <subfield code="e">SSC</subfield>
    <subfield code="l">0</subfield>
    <subfield code="o">D-920</subfield>
    <subfield code="p">901176357</subfield>
    <subfield code="r">2023-02-23 00:00:00</subfield>
    <subfield code="w">2023-02-23</subfield>
    <subfield code="y">MONANT</subfield>
  </datafield>
</record>
